| 000 | 00823nas a2200289 4500 | ||
|---|---|---|---|
| 001 | BR0603569 | ||
| 003 | BR-BrBNA | ||
| 005 | 20231205110234.0 | ||
| 007 | ta | ||
| 008 | 230509b bl.|||p| |||| 00| 00por d | ||
| 040 |
_aBR-BrBNA _bpor _cBiblioteca Nacional de Agricultura |
||
| 041 | _a(Pt) | ||
| 072 | _aF01; F06 | ||
| 100 | 1 | _aMachado, R. | |
| 100 | 1 | _aAguiar Netto, A. de O. | |
| 245 | 1 | _aProdução agrícola e sustentabilidade do perímetro irrigado Jabiberi | |
| 650 | _aTOMATE | ||
| 650 | _aPIMENTÃO | ||
| 650 | _aMILHO | ||
| 650 | _aARROZ | ||
| 650 | _aPRODUÇÃO VEGETAL | ||
| 650 | _aPERÍMETRO IRRIGADO | ||
| 650 | _aSERGIPE | ||
| 773 | 0 |
_tMagistra (Brazil) _xISSN 0102-5333 _g(Apr-Jun 2006), v. 18(2) p. 116-121 _wBR0603569 |
|
| 909 |
_a202311 _bLúcia _c55 _dLúcia Elande |
||
| 942 |
_2AGRIS _n0 _cANA |
||
| 999 |
_c186630 _d186630 |
||